Je crois en toi: la rencontré avec le Dieu vivant

Na minha lista:
Detalhes bibliográficos
Autor principal: Mouroux, Jean (auteur)
Formato: Livro
Idioma:francês
Publicado em: París Les Editions du Cerf 1965
Edição:1a. ed
Assuntos:
Tags: Adicionar Tag
Sem tags, seja o primeiro a adicionar uma tag!

MARC

LEADER 00000cam a2200000 a 4500
001 UCE7516
003 CL-VaPUC
008 150626e19650000fr |||||||||||||||||fre|d
082 0 4 |a 234.23  |b MOU  |2 21 
100 |a Mouroux, Jean  |e auteur  |9 580282 
245 1 0 |a Je crois en toi: la rencontré avec le Dieu vivant 
250 |a 1a. ed 
300 |a 125 p 
942 |c BK 
945 |d 20150626 15:30:00  |a dcastane 
260 |a París  |b Les Editions du Cerf  |c 1965 
650 0 |a Fe  |9 308036 
650 0 |a Creencia Religiosa  |9 316904 
650 0 |a Teología cristiana  |9 308336 
583 |a last modification  |c 20150626 15:30:00  |k Rodrigo Vera 
999 |c 359584  |d 359582 
952 |0 0  |1 0  |3 erb  |4 0  |6 234_230000000000000_MOU_1965  |7 0  |8 A  |9 468851  |a BIBTEO  |b BIBTEO  |e Casale Rolle, Carlos Ignacio, -2014  |i 5182824  |o 234.23 MOU 1965  |p 5182824  |r 2025-01-17  |w 2019-11-23  |y BK  |z Catalogado en:20150626  |k ICR